Spanish Porcelains and Terra Cottas in the Collection of the Hispanic Society of America (Record no. 2396)
[ view plain ]
| 000 -CABECERA | |
|---|---|
| campo de control de longitud fija | 00929nam a2200277 a 4500 |
| 001 - NÚMERO DE CONTROL | |
| campo de control | BRCA_2656 |
| 005 - FECHA Y HORA DE LA ÚLTIMA TRANSACCIÓN | |
| campo de control | 20190320203917.0 |
| 008 - DATOS DE LONGITUD FIJA--INFORMACIÓN GENERAL | |
| campo de control de longitud fija | 011208s1915----u--a######---#000-0#eng-u |
| 041 ## - CÓDIGO DE LENGUA | |
| Código de lengua del texto/banda sonora o título independiente | eng |
| 044 ## - CÓDIGO DEL PAÍS DE LA ENTIDAD EDITORA/PRODUCTORA | |
| Código MARC del país | u |
| 050 #4 - SIGNATURA TOPOGRÁFICA DE LA BIBLIOTECA DEL CONGRESO | |
| Número de clasificación | NK4523 |
| Número de documento/Ítem | .B37 1915 |
| 100 1# - ENTRADA PRINCIPAL--NOMBRE DE PERSONA | |
| Nombre de persona | Barber, Edwin Atlee |
| Fechas asociadas al nombre | 1851-1916 |
| 9 (RLIN) | 7296 |
| 245 10 - MENCIÓN DE TÍTULO | |
| Título | Spanish Porcelains and Terra Cottas in the Collection of the Hispanic Society of America |
| Mención de responsabilidad, etc. | by Edwin Atlee Barber. |
| 260 ## - PUBLICACIÓN, DISTRIBUCIÓN, ETC. | |
| Lugar de publicación, distribución, etc. | Filadelfia |
| Nombre del editor, distribuidor, etc. | The Hispanic Society of America |
| Fecha de publicación, distribución, etc. | 1915 |
| 300 ## - DESCRIPCIÓN FÍSICA | |
| Extensión | 42 p. |
| Otras características físicas | il. (algunas a color) |
| Dimensiones | 20 cm. |
| 440 #0 - MENCIÓN DE SERIE/PUNTO DE ACCESO ADICIONAL--TÍTULO | |
| Título | Publications of the Hispanic Society of America |
| Designación de volumen o secuencia | 93 |
| 9 (RLIN) | 7541 |
| 500 ## - NOTA GENERAL | |
| Nota general | Ejemplar igual al No. 93 de U72 |
| 500 ## - NOTA GENERAL | |
| Nota general | A103 |
| 650 14 - PUNTO DE ACCESO ADICIONAL DE MATERIA--TÉRMINO DE MATERIA | |
| Término de materia o nombre geográfico como elemento de entrada | Cerámica española |
| 9 (RLIN) | 1422 |
| 650 14 - PUNTO DE ACCESO ADICIONAL DE MATERIA--TÉRMINO DE MATERIA | |
| Término de materia o nombre geográfico como elemento de entrada | Terracotas |
| 9 (RLIN) | 7542 |
| 650 14 - PUNTO DE ACCESO ADICIONAL DE MATERIA--TÉRMINO DE MATERIA | |
| Término de materia o nombre geográfico como elemento de entrada | Cerámica |
| Subdivisión geográfica | Nueva York |
| 9 (RLIN) | 7543 |
| 650 14 - PUNTO DE ACCESO ADICIONAL DE MATERIA--TÉRMINO DE MATERIA | |
| Término de materia o nombre geográfico como elemento de entrada | Porcelana |
| Subdivisión geográfica | Nueva York |
| 9 (RLIN) | 7544 |
| 710 2# - PUNTO DE ACCESO ADICIONAL--NOMBRE DE ENTIDAD CORPORATIVA | |
| Nombre de entidad corporativa o nombre de jurisdicción como elemento de entrada | Hispanic Society of America |
| 9 (RLIN) | 7545 |
| 902 ## - CATALOGADOR | |
| Iniciales | GFM |
| 942 ## - ELEMENTOS DE PUNTO DE ACCESO ADICIONAL (KOHA) | |
| Fuente del sistema de clasificación o colocación | Library of Congress Classification |
| Tipo de ítem Koha | Libros |
| Estado de retiro | Estado de pérdida | Estado dañado | No para préstamo | Localización permanente | Ubicación/localización actual | Fecha de adquisición | Número de inventario | Total de préstamos | Signatura topográfica completa | Código de barras | Fecha visto por última vez | Precio válido a partir de | Tipo de ítem Koha |
|---|---|---|---|---|---|---|---|---|---|---|---|---|---|
| El ejemplar forma parte de la colección y puede ser consultado según las políticas vigentes. | Biblioteca del Museo Franz Mayer (Rogerio Casas-Alatriste) | Biblioteca del Museo Franz Mayer (Rogerio Casas-Alatriste) | 01/12/2008 | A103 | NK4523 .B37 1915 (A103) | 2653 | 22/03/2019 | 22/03/2019 | Libros |